[Event "CRO-chT3 West"]
[Site "Croatia"]
[Date "2017.03.26"]
[Round "2.2"]
[White "Troselj, Teo"]
[Black "Kauzlaric, Goran"]
[Result "1-0"]
[WhiteElo "2065"]
[BlackElo "1947"]
[PlyCount "93"]
[EventDate "2017.03.25"]
[EventType "team-tourn"]
[EventRounds "9"]
[EventCountry "CRO"]
[SourceTitle "EXT 2019"]
[Source "ChessBase"]
[SourceDate "2018.10.10"]
[SourceVersion "1"]
[SourceVersionDate "2018.10.10"]
[SourceQuality "1"]

1. d4 Nf6 2. Nf3 g6 3. Nbd2 c5 4. dxc5 Na6 5. Nb3 Nxc5 6. Qd4 Nxb3 7. axb3 a6 8. e4 Bg7 9. e5 Ng8 10. Bd2 d5 11. Ba5 Qd7 12. c4 dxc4 13. Qb6 Qd5 14. Bxc4 Qe4+ 15. Kf1 Bd7 16. Bxf7+ Kf8 17. Bc4 Bh6 18. Re1 Qc6 19. Qxc6 Bxc6 20. Nd4 Rc8 21. Nxc6 Rxc6 22. g3 e6 23. Rd1 Ne7 24. Rd8+ Kg7 25. Rd7 Kf7 26. Rxb7 Bc1 27. Bc3 Rd8 28. Kg2 Bd2 29. Ra1 Bxc3 30. bxc3 Ra8 31. Rd1 Kf8 32. Rdd7 Re8 33. g4 g5 34. Rd6 Rec8 35. Bxe6 R8c7 36. Rxc7 Rxc7 37. Bc4 Ng6 38. e6 Ne5 39. Rxa6 Nxc4 40. bxc4 Ke7 41. Ra5 h6 42. Re5 Rxc4 43. Kg3 Rxc3+ 44. Re3 Rc4 45. h4 Rf4 46. hxg5 hxg5 47. Re5 1-0

[Event "CRO-chT3W"]
[Site "Croatia"]
[Date "2016.03.06"]
[Round "2.1"]
[White "Troselj, Teo"]
[Black "Kukuljan, Vlatko"]
[Result "0-1"]
[WhiteElo "2043"]
[BlackElo "2043"]
[PlyCount "52"]
[EventDate "2016.03.05"]
[EventType "team-tourn"]
[EventRounds "9"]
[EventCountry "CRO"]
[SourceTitle "CBM 171 Extra"]
[Source "ChessBase"]
[SourceDate "2016.04.26"]
[SourceVersion "1"]
[SourceVersionDate "2016.04.26"]
[SourceQuality "1"]
[WhiteTeam "Rijeka Rijeka II"]
[BlackTeam "Drazice Rjecina"]
[WhiteTeamCountry "CRO"]
[BlackTeamCountry "CRO"]

1. d4 d5 2. Nf3 Nf6 3. Nbd2 Bf5 4. c4 c6 5. Qb3 Qc7 6. Ne5 e6 7. Ndf3 Ne4 8. g4 Bg6 9. Bg2 f6 10. Nd3 Nd7 11. Bf4 Bd6 12. Bxd6 Nxd6 13. cxd5 exd5 14. h4 0-0-0 15. Rc1 Bxd3 16. exd3 Rhe8+ 17. Kf1 Kb8 18. a4 Re7 19. Nd2 Qa5 20. Qc3 Qxa4 21. b3 Qb5 22. Bf3 Qb6 23. Kg2 Rde8 24. b4 Nb5 25. Qb2 Nxd4 26. b5 Nxf3 0-1

[Event "CRO-chT3W"]
[Site "Croatia"]
[Date "2016.03.05"]
[Round "1.1"]
[White "Troselj, Teo"]
[Black "Zoricic, Marijan"]
[Result "0-1"]
[WhiteElo "2043"]
[BlackElo "2066"]
[PlyCount "106"]
[EventDate "2016.03.05"]
[EventType "team-tourn"]
[EventRounds "9"]
[EventCountry "CRO"]
[SourceTitle "CBM 171 Extra"]
[Source "ChessBase"]
[SourceDate "2016.04.26"]
[SourceVersion "1"]
[SourceVersionDate "2016.04.26"]
[SourceQuality "1"]
[WhiteTeam "Rijeka Rijeka II"]
[BlackTeam "Crikvenica"]
[WhiteTeamCountry "CRO"]
[BlackTeamCountry "CRO"]

1. d4 d5 2. Nf3 Nf6 3. Nbd2 Bf5 4. c4 c6 5. Qb3 Qb6 6. Qxb6 axb6 7. cxd5 cxd5 8. e3 Nc6 9. Bb5 Nd7 10. 0-0 e6 11. a3 Bd6 12. Nb3 0-0 13. Bd2 Bc2 14. Nc1 Nf6 15. Bd3 Bxd3 16. Nxd3 Na5 17. Bb4 Rfd8 18. Bxd6 Rxd6 19. Rac1 Ne8 20. Rc2 f6 21. Rfc1 Kf7 22. Nd2 Ke7 23. Nb4 g5 24. Kf1 h5 25. Ke2 Kd7 26. h4 g4 27. f3 Nc6 28. Nxc6 Rxc6 29. fxg4 hxg4 30. e4 Ng7 31. Rxc6 bxc6 32. Rf1 Nh5 33. Ke3 Kd6 34. exd5 cxd5 35. Nb1 f5 36. Nc3 f4+ 37. Rxf4 Nxf4 38. Kxf4 Rf8+ 39. Kxg4 e5 40. dxe5+ Kxe5 41. h5 d4 42. h6 dxc3 43. bxc3 Rg8+ 44. Kh5 Rxg2 45. h7 Kd5 46. Kh6 b5 47. h8Q Rh2+ 48. Kg7 Rxh8 49. Kxh8 Kc4 50. Kg7 Kxc3 51. Kf6 Kb3 52. Ke5 Kxa3 53. Kd4 b4 0-1

[Event "CRO-chT2 West"]
[Site "Croatia"]
[Date "2015.10.25"]
[Round "9.1"]
[White "Troselj, Teo"]
[Black "Licardo, Renato"]
[Result "0-1"]
[WhiteElo "2094"]
[BlackElo "2137"]
[PlyCount "62"]
[EventDate "2015.02.21"]
[EventType "team-tourn"]
[EventRounds "9"]
[EventCountry "CRO"]
[SourceTitle "EXT 2017"]
[Source "ChessBase"]
[SourceDate "2016.10.25"]
[SourceVersion "1"]
[SourceVersionDate "2016.10.25"]
[SourceQuality "1"]
[WhiteTeam "Rijeka Rijeka II"]
[BlackTeam "Porec Gortan"]
[WhiteTeamCountry "CRO"]
[BlackTeamCountry "CRO"]

1. d4 Nf6 2. Nf3 g6 3. Nbd2 Bg7 4. e4 0-0 5. e5 Nd5 6. c4 Nb6 7. Be2 d6 8. exd6 cxd6 9. b3 Nc6 10. Bb2 Bf5 11. 0-0 d5 12. a3 dxc4 13. Nxc4 Nd5 14. Nfe5 Rc8 15. Bf3 b5 16. Nxc6 Rxc6 17. Ne5 Rc2 18. g4 Rxb2 19. gxf5 e6 20. Qc1 Rxb3 21. Nc6 Qh4 22. Bxd5 exd5 23. f3 Re8 24. Qc2 Bxd4+ 25. Nxd4 Qxd4+ 26. Qf2 Qf6 27. fxg6 hxg6 28. Qxa7 Rb2 29. f4 Ree2 30. Qa8+ Kg7 31. Qxd5 Qb6+ 0-1

[Event "CRO-chT2 West"]
[Site "Croatia"]
[Date "2014.11.16"]
[Round "8.32"]
[White "Vujnovic, Patricija"]
[Black "Troselj, Teo"]
[Result "1-0"]
[WhiteElo "2045"]
[BlackElo "2093"]
[PlyCount "161"]
[EventDate "2014.03.15"]
[EventType "team-tourn"]
[EventRounds "9"]
[EventCountry "CRO"]
[SourceTitle "EXT 2019"]
[Source "ChessBase"]
[SourceDate "2018.10.10"]
[SourceVersion "1"]
[SourceVersionDate "2018.10.10"]
[SourceQuality "1"]
[WhiteTeam "Delnice"]
[BlackTeam "Rijeka CC II"]
[WhiteTeamCountry "CRO"]
[BlackTeamCountry "CRO"]

1. Nf3 d5 2. b3 Nf6 3. Bb2 Nbd7 4. e3 c6 5. d4 e6 6. Bd3 Bd6 7. Nbd2 Qc7 8. c4 b6 9. cxd5 exd5 10. Rc1 0-0 11. Qc2 Bb7 12. 0-0 Rfe8 13. Rfe1 h6 14. g3 c5 15. dxc5 Qxc5 16. Qb1 Qa5 17. Bc3 Qa3 18. Nd4 Be5 19. Nb5 Qf8 20. Bxe5 Rxe5 21. Nf3 Rh5 22. Be2 Nc5 23. Nbd4 Ba6 24. b4 Bxe2 25. Nxe2 Ne6 26. Rc6 Ng5 27. Nfd4 Nfe4 28. Nf4 Nh3+ 29. Nxh3 Rxh3 30. Kg2 Rh5 31. Rec1 Nd2 32. Qd3 Nc4 33. Qe2 Re5 34. Qg4 h5 35. Qf4 Qe8 36. Rc7 Re7 37. Rxe7 Qxe7 38. Qf3 Rc8 39. Rd1 Qe4 40. Nf5 Qxf3+ 41. Kxf3 Kf8 42. Rxd5 g6 43. Nd4 Nd2+ 44. Kg2 Ne4 45. Rd7 Ra8 46. Nc6 Rc8 47. b5 Nc3 48. Nxa7 Ra8 49. Rc7 Nxa2 50. Nc8 Nb4 51. Nxb6 Ra5 52. Nd7+ Ke8 53. b6 Kd8 54. Ra7 Rb5 55. Nf6 Rxb6 56. Rd7+ Kc8 57. Rxf7 Nd3 58. Ne4 Ne1+ 59. Kf1 Nd3 60. Rf6 Rxf6 61. Nxf6 Ne5 62. Ke2 Kd8 63. f4 Nc6 64. Kf3 Ke7 65. Ne4 Ke6 66. Ng5+ Kf6 67. h3 Ne7 68. e4 Nc6 69. Ke3 Na5 70. Nf3 Nc4+ 71. Kd4 Nb2 72. e5+ Kg7 73. g4 hxg4 74. hxg4 Nd1 75. f5 Nf2 76. f6+ Kf7 77. Ng5+ Kf8 78. Nh7+ Kg8 79. e6 Kxh7 80. e7 Nxg4 81. e8Q 1-0

[Event "Mediterranean op 7th"]
[Site "Rijeka"]
[Date "2014.11.09"]
[Round "3"]
[White "Troselj, Teo"]
[Black "Mravic, Filip"]
[Result "1-0"]
[WhiteElo "2093"]
[BlackElo "1795"]
[PlyCount "61"]
[EventDate "2014.11.08"]
[EventType "swiss"]
[EventRounds "9"]
[EventCountry "CRO"]
[SourceTitle "CBM 163 Extra"]
[Source "ChessBase"]
[SourceDate "2014.12.23"]
[SourceVersion "1"]
[SourceVersionDate "2014.12.23"]
[SourceQuality "1"]

1. d4 d5 2. Nf3 Nf6 3. Nbd2 e6 4. e3 Bd6 5. Ne5 Nbd7 6. f4 c5 7. Qf3 Qc7 8. c3 a6 9. Bd3 c4 10. Bc2 b5 11. a3 Bb7 12. 0-0 Nb6 13. e4 dxe4 14. Nxe4 Nxe4 15. Bxe4 Bxe4 16. Qxe4 Bxe5 17. fxe5 Nd5 18. Bg5 h6 19. Bh4 g5 20. Be1 h5 21. Bd2 Qe7 22. a4 Kd7 23. Qe2 g4 24. b3 Rhc8 25. axb5 axb5 26. Rxa8 Rxa8 27. bxc4 bxc4 28. Qxc4 Rc8 29. Qb5+ Rc6 30. c4 Nc7 31. Qa4 1-0

[Event "CRO-chT2 West"]
[Site "Croatia"]
[Date "2014.03.16"]
[Round "3.12"]
[White "Muslija, Idris"]
[Black "Troselj, Teo"]
[Result "0-1"]
[WhiteElo "2259"]
[BlackElo "2093"]
[PlyCount "46"]
[EventDate "2014.03.15"]
[EventType "team-tourn"]
[EventRounds "9"]
[EventCountry "CRO"]
[SourceTitle "EXT 2019"]
[Source "ChessBase"]
[SourceDate "2018.10.10"]
[SourceVersion "1"]
[SourceVersionDate "2018.10.10"]
[SourceQuality "1"]
[WhiteTeam "Karlobag"]
[BlackTeam "Rijeka CC II"]
[WhiteTeamCountry "CRO"]
[BlackTeamCountry "CRO"]

1. c4 e6 2. d4 d5 3. Nf3 c6 4. Qc2 f5 5. g3 Nf6 6. Bg2 Bd6 7. 0-0 Nbd7 8. b3 Ne4 9. Ba3 Bxa3 10. Nxa3 Qf6 11. b4 a6 12. Qb2 h5 13. Rac1 g5 14. Nb1 h4 15. Nbd2 hxg3 16. hxg3 Qh6 17. e3 Ndf6 18. Rfe1 Ng4 19. Re2 Nh2 20. Ne5 Qh5 21. Ree1 g4 22. Red1 Ng5 23. Nd3 Nh3+ 0-1

[Event "Rijeka Liburnija op"]
[Site "Rijeka"]
[Date "2014.01.19"]
[Round "3"]
[White "Troselj, Teo"]
[Black "Safar, Sandro"]
[Result "1-0"]
[WhiteElo "2072"]
[BlackElo "1684"]
[PlyCount "41"]
[EventDate "2014.01.17"]
[EventType "swiss"]
[EventRounds "9"]
[EventCountry "CRO"]
[SourceTitle "CBM 158 Extra"]
[Source "ChessBase"]
[SourceDate "2014.02.28"]
[SourceVersion "1"]
[SourceVersionDate "2014.02.28"]
[SourceQuality "1"]

1. d4 d5 2. Nf3 Nf6 3. e3 e6 4. Bd3 c5 5. c3 Nc6 6. Ne5 Bd7 7. Nd2 Bd6 8. f4 0-0 9. 0-0 c4 10. Bc2 b5 11. Rf3 Ne7 12. Rh3 Ng6 13. g4 Rc8 14. g5 Ne4 15. Qh5 h6 16. Bxe4 dxe4 17. gxh6 Bxe5 18. fxe5 Re8 19. hxg7 Kxg7 20. Qh6+ Kg8 21. Nxe4 1-0

[Event "Rijeka Liburnija op"]
[Site "Rijeka"]
[Date "2014.01.17"]
[Round "1"]
[White "Troselj, Teo"]
[Black "Batory, Drazen"]
[Result "1-0"]
[WhiteElo "2072"]
[BlackElo "1548"]
[PlyCount "61"]
[EventDate "2014.01.17"]
[EventType "swiss"]
[EventRounds "9"]
[EventCountry "CRO"]
[SourceTitle "CBM 158 Extra"]
[Source "ChessBase"]
[SourceDate "2014.02.28"]
[SourceVersion "1"]
[SourceVersionDate "2014.02.28"]
[SourceQuality "1"]

1. d4 d5 2. Nf3 c6 3. Nbd2 Nf6 4. e3 Bf5 5. c4 e6 6. Nh4 dxc4 7. Nxf5 exf5 8. Bxc4 g6 9. Qb3 Qe7 10. 0-0 Bg7 11. Nf3 b5 12. Bd3 0-0 13. a4 Nbd7 14. axb5 Rfb8 15. Ra5 a6 16. Qa2 Nd5 17. bxc6 Nb4 18. Qa3 Nxc6 19. Qxe7 Nxe7 20. Rxa6 Rxa6 21. Bxa6 Nd5 22. Bc4 N7f6 23. Ne5 Bf8 24. b3 Rb7 25. Bd2 Bb4 26. Bxb4 Nxb4 27. Ra1 Ne4 28. Ra8+ Kg7 29. Rd8 Nd2 30. Rd7 Rxd7 31. Nxd7 1-0

[Event "CRO-chT2 West"]
[Site "Croatia"]
[Date "2013.10.19"]
[Round "7.12"]
[White "Bulic, Josip"]
[Black "Troselj, Teo"]
[Result "1-0"]
[WhiteElo "2203"]
[BlackElo "2073"]
[PlyCount "69"]
[EventDate "2013.03.16"]
[EventType "team-tourn"]
[EventRounds "9"]
[EventCountry "CRO"]
[SourceTitle "EXT 2019"]
[Source "ChessBase"]
[SourceDate "2018.10.10"]
[SourceVersion "1"]
[SourceVersionDate "2018.10.10"]
[SourceQuality "1"]
[WhiteTeam "Buje"]
[BlackTeam "Rijeka CC II"]
[WhiteTeamCountry "CRO"]
[BlackTeamCountry "CRO"]

1. d4 e6 2. Nf3 d5 3. c4 c6 4. Nc3 Nf6 5. cxd5 exd5 6. Bg5 Bd6 7. e3 0-0 8. Bd3 Nbd7 9. 0-0 Qb6 10. Rb1 Re8 11. Qc2 h6 12. Bh4 Qc7 13. Rfc1 a6 14. b4 Qb8 15. a4 Ng4 16. Bg3 Bxg3 17. hxg3 Ndf6 18. e4 dxe4 19. Nxe4 Nxe4 20. Bxe4 Qd6 21. Re1 Be6 22. b5 axb5 23. axb5 Ra2 24. Rb2 Rea8 25. bxc6 Rxb2 26. cxb7 Rxb7 27. Bxb7 Ra2 28. Qc5 Qb8 29. d5 Qxb7 30. dxe6 fxe6 31. Qc4 Qb2 32. Qxe6+ Kh8 33. Qc8+ Kh7 34. Qf5+ g6 35. Re7+ 1-0

[Event "CRO-chT2 West"]
[Site "Rijeka"]
[Date "2012.10.13"]
[Round "7.53"]
[White "Troselj, Teo"]
[Black "Tomic, Boris"]
[Result "1/2-1/2"]
[WhiteElo "2069"]
[BlackElo "2076"]
[PlyCount "39"]
[EventDate "2012.03.17"]
[EventType "team-tourn"]
[EventRounds "9"]
[EventCountry "CRO"]
[SourceTitle "EXT 2013"]
[Source "ChessBase"]
[SourceDate "2012.11.22"]
[SourceVersion "1"]
[SourceVersionDate "2012.11.22"]
[SourceQuality "1"]

1. d4 d5 2. Nf3 e6 3. Bg5 Be7 4. Bxe7 Qxe7 5. Nbd2 Nf6 6. e3 Nbd7 7. Bd3 e5 8. dxe5 Nxe5 9. Nxe5 Qxe5 10. c3 0-0 11. h3 b6 12. Qa4 c5 13. 0-0 Re8 14. Bb5 Re7 15. Nf3 Qc7 16. Rad1 Bb7 17. Ba6 Bc6 18. Bb5 Bb7 19. Ba6 Bc6 20. Bb5 1/2-1/2

[Event "CRO-chT2 West"]
[Site "Rijeka"]
[Date "2012.03.18"]
[Round "2.34"]
[White "Krsovnik, Emil"]
[Black "Troselj, Teo"]
[Result "1/2-1/2"]
[WhiteElo "2075"]
[BlackElo "2069"]
[PlyCount "49"]
[EventDate "2012.03.17"]
[EventType "team-tourn"]
[EventRounds "9"]
[EventCountry "CRO"]
[SourceTitle "EXT 2013"]
[Source "ChessBase"]
[SourceDate "2012.11.22"]
[SourceVersion "1"]
[SourceVersionDate "2012.11.22"]
[SourceQuality "1"]

1. e4 e6 2. d4 d5 3. Nc3 Nf6 4. Bd3 c5 5. dxc5 dxe4 6. Nxe4 Nxe4 7. Bxe4 Qxd1+ 8. Kxd1 Bxc5 9. Ke2 Nc6 10. c3 Bd7 11. f4 0-0-0 12. Nf3 f6 13. Be3 Bxe3 14. Kxe3 g6 15. Rad1 Rhe8 16. Rd6 f5 17. Bxc6 Bxc6 18. Rxd8+ Rxd8 19. Re1 Bxf3 20. Kxf3 Rd2 21. Re2 Rd3+ 22. Re3 Rd2 23. Re2 Rd3+ 24. Re3 Rd2 25. Re2 1/2-1/2

[Event "Rijeka Paris Memorial op"]
[Site "Rijeka"]
[Date "2011.10.26"]
[Round "8"]
[White "Troselj, Teo"]
[Black "Loncar, Robert"]
[Result "0-1"]
[WhiteElo "2047"]
[BlackElo "2385"]
[PlyCount "68"]
[EventDate "2011.10.17"]
[EventType "swiss"]
[EventRounds "9"]
[EventCountry "CRO"]
[SourceTitle "EXT 2013"]
[Source "ChessBase"]
[SourceDate "2012.11.22"]
[SourceVersion "1"]
[SourceVersionDate "2012.11.22"]
[SourceQuality "1"]

1. b3 e5 2. Bb2 Nc6 3. e3 Nf6 4. Nf3 Bd6 5. c4 0-0 6. Be2 Re8 7. 0-0 Bf8 8. d3 d5 9. cxd5 Nxd5 10. Nbd2 a5 11. Nc4 f6 12. Rc1 Be6 13. Qc2 a4 14. bxa4 Ndb4 15. Qb1 Rxa4 16. a3 Nd5 17. Rfd1 Bf7 18. g3 Qa8 19. e4 Nb6 20. Nxb6 cxb6 21. d4 exd4 22. Nxd4 Bc5 23. Nb5 Qb8 24. Qc2 Raxe4 25. Bd3 R4e7 26. Bxh7+ Kf8 27. Qf5 Ne5 28. Rxc5 bxc5 29. Rd6 Qc8 30. Rxf6 Qxf5 31. Rxf5 g6 32. Rf4 Nd3 33. Rf3 Nxb2 34. Bxg6 Kg7 0-1

[Event "Rijeka Paris Memorial op"]
[Site "Rijeka"]
[Date "2011.10.25"]
[Round "7"]
[White "Molnar, Ivan Dorian"]
[Black "Troselj, Teo"]
[Result "0-1"]
[WhiteElo "1822"]
[BlackElo "2047"]
[PlyCount "104"]
[EventDate "2011.10.17"]
[EventType "swiss"]
[EventRounds "9"]
[EventCountry "CRO"]
[SourceTitle "EXT 2013"]
[Source "ChessBase"]
[SourceDate "2012.11.22"]
[SourceVersion "1"]
[SourceVersionDate "2012.11.22"]
[SourceQuality "1"]

1. e4 Nf6 2. e5 Nd5 3. c4 Nb6 4. d4 d6 5. exd6 exd6 6. Bd3 Nc6 7. Be3 Qf6 8. Qe2 Be7 9. Nf3 Nb4 10. Nbd2 Nxd3+ 11. Qxd3 Bf5 12. Qb3 0-0 13. 0-0 Qg6 14. Kh1 Bc2 15. Qb4 a5 16. Qa3 Rfe8 17. b3 a4 18. Qb2 Ra5 19. Rfc1 Bd3 20. Nf1 Be4 21. Ng3 Bxf3 22. gxf3 Rea8 23. Rg1 axb3 24. axb3 Rxa1 25. Rxa1 Rxa1+ 26. Qxa1 Qc2 27. Qa7 Qxb3 28. Qb8+ Bf8 29. Qxc7 Nxc4 30. Nf5 Qb1+ 31. Kg2 Qxf5 32. Qxc4 h5 33. d5 Qg6+ 34. Kf1 Qb1+ 35. Ke2 b5 36. Qc1 Qxc1 37. Bxc1 Kh7 38. Ba3 Kg6 39. f4 Kf5 40. Kf3 Be7 41. h4 g6 42. Bb4 Bxh4 43. Bxd6 Bxf2 44. Kxf2 Ke4 45. Be5 Kxd5 46. Kg3 b4 47. Kh4 b3 48. Bf6 Ke4 49. Kg3 Kd3 50. Kh4 Kc2 51. f5 b2 52. Bxb2 Kxb2 0-1

[Event "Mediterranean op-B 4th"]
[Site "Rijeka"]
[Date "2010.11.20"]
[Round "9"]
[White "Troselj, Teo"]
[Black "Gradiser, Dragoljub"]
[Result "1-0"]
[WhiteElo "2081"]
[BlackElo "1966"]
[PlyCount "75"]
[EventDate "2010.11.13"]
[EventType "swiss"]
[EventRounds "9"]
[EventCountry "CRO"]
[SourceTitle "EXT 2011"]
[Source "ChessBase"]
[SourceDate "2010.11.26"]
[SourceVersion "1"]
[SourceVersionDate "2010.11.26"]
[SourceQuality "1"]

1. e4 c5 2. Nf3 Nc6 3. d4 cxd4 4. Nxd4 g6 5. Nxc6 bxc6 6. Qd4 Qa5+ 7. Bd2 e5 8. Qxd7+ Bxd7 9. Bxa5 Nf6 10. f3 h5 11. Bc7 Bg7 12. Bxe5 0-0 13. Nd2 Rfe8 14. Bc3 Nd5 15. Bxg7 Kxg7 16. Kf2 Nf4 17. Rd1 Rad8 18. Nc4 Be6 19. Nd6 Rf8 20. Ke3 g5 21. h4 Nd5+ 22. exd5 Rxd6 23. hxg5 cxd5 24. Rxh5 Rc6 25. Bd3 Rh8 26. Rxh8 Kxh8 27. Rh1+ Kg7 28. Rh7+ Kg8 29. g6 fxg6 30. Rxa7 Bf5 31. a4 Re6+ 32. Kd2 Bxd3 33. Kxd3 Re1 34. a5 Rg1 35. a6 Rxg2 36. Rb7 Rg1 37. a7 Ra1 38. Rb8+ 1-0

[Event "Mediterranean op-B 4th"]
[Site "Rijeka"]
[Date "2010.11.17"]
[Round "6"]
[White "Kocabalkan, Tayfuna"]
[Black "Troselj, Teo"]
[Result "0-1"]
[WhiteElo "1630"]
[BlackElo "2070"]
[PlyCount "26"]
[EventDate "2010.11.13"]
[EventType "swiss"]
[EventRounds "9"]
[EventCountry "CRO"]
[SourceTitle "EXT 2011"]
[Source "ChessBase"]
[SourceDate "2010.11.26"]
[SourceVersion "1"]
[SourceVersionDate "2010.11.26"]
[SourceQuality "1"]

1. d4 d5 2. c4 e5 3. dxe5 d4 4. e3 Bb4+ 5. Bd2 dxe3 6. Qa4+ Nc6 7. Bxb4 exf2+ 8. Kxf2 Qh4+ 9. g3 Qd4+ 10. Kg2 Qxb2+ 11. Be2 Qxa1 12. Nf3 Qb2 13. Ba3 Qxe2+ 0-1

[Event "CRO-chT3"]
[Site "Rijeka/Pula"]
[Date "2009.04.25"]
[Round "4"]
[White "Djuric, Dario"]
[Black "Troselj, Teo"]
[Result "1/2-1/2"]
[WhiteElo "1905"]
[BlackElo "2074"]
[PlyCount "101"]
[EventDate "2009.04.04"]
[EventType "team-tourn"]
[EventRounds "9"]
[EventCountry "CRO"]
[SourceTitle "EXT 2011"]
[Source "ChessBase"]
[SourceDate "2010.11.26"]
[SourceVersion "1"]
[SourceVersionDate "2010.11.26"]
[SourceQuality "1"]

1. e4 e6 2. Nf3 d5 3. exd5 exd5 4. d4 Nf6 5. Bg5 Bg4 6. Bb5+ c6 7. Be2 Nbd7 8. 0-0 Bd6 9. Re1 0-0 10. Nbd2 Qc7 11. h3 Bh5 12. c3 h6 13. Bxf6 Nxf6 14. Qc2 Rae8 15. Bd3 Bxf3 16. Nxf3 Nh5 17. Rxe8 Rxe8 18. Re1 Rxe1+ 19. Nxe1 Qe7 20. Qe2 Nf4 21. Qxe7 Bxe7 22. Kf1 Nxd3 23. Nxd3 Bd6 24. Ke2 Kf8 25. f4 Ke7 26. g4 f5 27. Kf3 fxg4+ 28. hxg4 Kf6 29. Ne5 g6 30. Nd7+ Ke6 31. Ne5 Kf6 32. Nd7+ Kg7 33. b3 h5 34. c4 Ba3 35. cxd5 cxd5 36. g5 Bb2 37. Ke3 h4 38. Nf6 h3 39. Kf3 Bxd4 40. Nxd5 h2 41. Kg2 Bg1 42. Nc3 Kf7 43. Ne2 Ke6 44. Ng3 Kd5 45. f5 gxf5 46. Nxf5 Ke6 47. g6 Kf6 48. g7 Kf7 49. Nd6+ Kxg7 50. Nxb7 Kf6 51. Nd8 1/2-1/2

[Event "Rijeka op"]
[Site "Rijeka"]
[Date "2007.12.02"]
[Round "9"]
[White "Troselj, Teo"]
[Black "Plenca, Julian"]
[Result "1/2-1/2"]
[WhiteElo "2059"]
[BlackElo "2221"]
[PlyCount "24"]
[EventDate "2007.11.25"]
[EventType "swiss"]
[EventRounds "9"]
[EventCountry "CRO"]
[SourceTitle "CBM 121 Extra"]
[Source "ChessBase"]
[SourceDate "2008.01.10"]
[SourceVersion "1"]
[SourceVersionDate "2008.01.10"]
[SourceQuality "1"]

1. d4 d5 2. Nf3 Nf6 3. e3 c6 4. Bd3 Bg4 5. b3 Nbd7 6. Bb2 e6 7. Nbd2 Bd6 8. h3 Bh5 9. Qe2 Qa5 10. 0-0 0-0 11. g4 Bg6 12. Ne5 Bxe5 1/2-1/2

[Event "Rijeka op"]
[Site "Rijeka"]
[Date "2007.11.30"]
[Round "7"]
[White "Poropat, Marijan"]
[Black "Troselj, Teo"]
[Result "0-1"]
[WhiteElo "2120"]
[BlackElo "2059"]
[PlyCount "110"]
[EventDate "2007.11.25"]
[EventType "swiss"]
[EventRounds "9"]
[EventCountry "CRO"]
[SourceTitle "CBM 121 Extra"]
[Source "ChessBase"]
[SourceDate "2008.01.10"]
[SourceVersion "1"]
[SourceVersionDate "2008.01.10"]
[SourceQuality "1"]

1. c4 e6 2. g3 f5 3. Bg2 Nf6 4. d3 Be7 5. Nc3 0-0 6. Qb3 c6 7. e4 fxe4 8. dxe4 Ng4 9. Nf3 Qb6 10. Qxb6 axb6 11. h3 Nh6 12. 0-0 Nf7 13. e5 d6 14. exd6 Nxd6 15. b3 Bf6 16. Bd2 Nd7 17. g4 Nc5 18. g5 Bxc3 19. Bxc3 Nde4 20. Bd4 Rxf3 21. Bxc5 bxc5 22. Bxf3 Nd2 23. Kg2 Nxf1 24. Kxf1 e5 25. h4 Bf5 26. Re1 Re8 27. Re3 Kf7 28. Ke1 Ke6 29. Kd2 Ra8 30. a4 Rd8+ 31. Kc3 Rd4 32. a5 Rxh4 33. a6 bxa6 34. Bxc6 Rh2 35. Re2 Rh3+ 36. Kb2 Kd6 37. Bb7 a5 38. Ka3 Bd3 39. Rd2 Kc7 40. Bg2 Rh2 41. f3 Bf1 42. Rf2 Bxg2 43. Ka4 Kc6 44. Kxa5 Rh1 45. Ra2 Bxf3 46. b4 cxb4 47. Kxb4 Re1 48. Kc3 Rg1 49. Kb4 Rxg5 50. Ra6+ Kb7 51. Re6 h5 52. Re7+ Kc6 53. Rf7 e4 54. Rf8 h4 55. c5 h3 0-1

[Event "Kostrena ZNG111 8th"]
[Site "Kostrena"]
[Date "2005.11.03"]
[Round "10"]
[White "Troselj, Teo"]
[Black "Crepan, Marjan"]
[Result "0-1"]
[WhiteElo "2096"]
[BlackElo "2310"]
[PlyCount "84"]
[EventDate "2005.10.28"]
[EventType "tourn"]
[EventRounds "11"]
[EventCountry "CRO"]
[EventCategory "1"]
[SourceTitle "EXT 2006"]
[Source "ChessBase"]
[SourceDate "2005.11.24"]
[SourceVersion "1"]
[SourceVersionDate "2005.11.24"]
[SourceQuality "1"]

1. d4 d5 2. Nf3 Nf6 3. c4 c6 4. Nc3 dxc4 5. a4 Bf5 6. e3 e6 7. Bxc4 Bb4 8. 0-0 Nbd7 9. Qe2 Bg6 10. e4 0-0 11. Bd3 Re8 12. Bg5 Qa5 13. h4 a6 14. Rfc1 h6 15. Bxf6 Nxf6 16. Ne5 Bh7 17. g4 Rad8 18. Nc4 Qc7 19. g5 hxg5 20. hxg5 Nd7 21. Qe3 e5 22. d5 Bxc3 23. d6 Qb8 24. bxc3 Nf8 25. a5 Ng6 26. Rab1 Re6 27. f3 Nf4 28. Kf2 Rd7 29. Rh1 Qd8 30. Rbg1 Rexd6 31. Nxd6 Rxd6 32. Be2 Rd2 33. Rd1 Rxd1 34. Rxd1 Qxg5 35. Bf1 Qh4+ 36. Kg1 Qg3+ 37. Kh1 Qh4+ 38. Kg1 Qg3+ 39. Kh1 Bg6 40. Rd2 Bh5 41. Qg1 Bxf3+ 42. Bg2 Nxg2 0-1

[Event "Kostrena ZNG111 8th"]
[Site "Kostrena"]
[Date "2005.10.30"]
[Round "4"]
[White "Markovic, Alen"]
[Black "Troselj, Teo"]
[Result "1-0"]
[WhiteElo "2090"]
[BlackElo "2096"]
[PlyCount "55"]
[EventDate "2005.10.28"]
[EventType "tourn"]
[EventRounds "11"]
[EventCountry "CRO"]
[EventCategory "1"]
[SourceTitle "EXT 2006"]
[Source "ChessBase"]
[SourceDate "2005.11.24"]
[SourceVersion "1"]
[SourceVersionDate "2005.11.24"]
[SourceQuality "1"]

1. e4 d6 2. d4 Nf6 3. Nc3 c6 4. f3 Nbd7 5. Be3 Qb6 6. b3 g6 7. Qd2 Bg7 8. Bd3 Qc7 9. Nge2 b5 10. Bh6 Kf8 11. g4 b4 12. Na4 c5 13. dxc5 dxc5 14. 0-0-0 Ne5 15. Qe3 c4 16. Bxc4 Nxc4 17. bxc4 Be6 18. Nc5 Bxc4 19. Nd4 Rc8 20. Rhg1 e6 21. e5 Ng8 22. Nd7+ Qxd7 23. Bxg7+ Ke8 24. Nf5 Qxd1+ 25. Rxd1 gxf5 26. Bxh8 Ne7 27. Bf6 Nd5 28. Qxa7 1-0